000 00392nam a2200157Ia 4500
008 230711s9999||||xx |||||||||||||| ||und||
041 _aENG
082 _a621.381
_bRA-E
100 _aRajesh Kumar
245 0 _aElectronic devices & circuits
250 _a11th Ed.
260 _c2011
_aJalandhar
_bEagles Prakashan Regd
300 _a280p.
650 _aElectronics Engineering
942 _cBK
999 _c7691
_d7691